000 00720nas a2200253 4500
001 BR2012001821
003 BR-BrBNA
005 20231205120311.0
007 ta
008 230509b bl.|||p| |||| 00| 00por d
040 _aBR-BrBNA
_bpor
_cBiblioteca Nacional de Agricultura
041 _a(Pt)
072 _aL74; L70
100 1 _aJacques, D.
245 1 _aCancerologia em cães: poliartrite associada a um tumor
650 _aCÃO
650 _aFÊMEA
650 _aTUMOR
650 _aCANCER
650 _aDISTÚRBIO ANIMAL
773 0 _tA Hora Veterinária (Brazil)
_xISSN 0101-9163
_g(Nov-Dec 2004), v. 24(142) p. 30-32
_wBR2012001821
909 _a202311
_bLúcia
_c55
_dLúcia Elande
942 _2AGRIS
_n0
_cANA
999 _c217827
_d217827